000 00615nam a2200157 a 4500
008 120416s1976 ||||||||||||||||| || u
050 _aHF 5657 New
100 _aNewman, Maurice S
245 1 0 _aFinancial accounting estimates through statistical sampling by computer
260 _aNew York
_bJohn Wiley and Sons
_c1976
300 _axvi, 247p. : ill.
350 _a0.00
650 0 _aACCOUNTING--HANDBOOKS, MANUALS, ETC
650 _aFINANCIAL ACCOUNTING
995 _D0.00
_FCBU-MAIN LIBRARY (Kitwe)
_H1
_I0.00
_M1
_UAVAILABLE
_ZAnnex Low-Usage Collection
999 _c43328
_d43328